Отчет по Саду Елисаветпольского Михайловского ремесленного училища... ... за 1898 год$90: ... за 1898 год (Запись № 4529851)

Подробности
000 -МАРКЕР
контрольное поле 01793nam2a22002891 4500
001 - ИДЕНТИФИКАТОР ЗАПИСИ
контрольное поле v19\rc\1306000
005 - ИДЕНТИФИКАТОР ВЕРСИИ
контрольное поле 20250618031628.0
035 ## - ДРУГИЕ СИСТЕМНЫЕ НОМЕРА
Идентификатор записи (NLR Aleph) 004463654
100 ## - ДАННЫЕ ОБЩЕЙ ОБРАБОТКИ
Данные общей обработки 20060512d1899 |||y0rusy50 ca
101 0# - ЯЗЫК РЕСУРСА
Язык текста, звукозаписи и т.д. русский
102 ## - СТРАНА ПУБЛИКАЦИИ ИЛИ ПРОИЗВОДСТВА
Страна публикации Российская Федерация
105 ## - ПОЛЕ КОДИРОВАННЫХ ДАННЫХ: ТЕКСТОВЫЕ МАТЕРИАЛЫ, МОНОГРАФИЧЕСКИЕ
Кодированные данные о монографическом текстовом документе y z |||||
200 0# - ЗАГЛАВИЕ И СВЕДЕНИЯ ОБ ОТВЕТСТВЕННОСТИ
Основное заглавие ... за 1898 год
210 ## - ПУБЛИКАЦИЯ, РАСПРОСТРАНЕНИЕ И ДР.
Дата издания, распространения и т.д. [1899]
Место издания, распространения и т.д. Б. м.
215 ## - ФИЗИЧЕСКАЯ ХАРАКТЕРИСТИКА
Специфическое обозначение материала и объем 26 с.
300 ## - ОБЩИЕ ПРИМЕЧАНИЯ
Текст примечания В конце текста авт. Н. Дракопуло
311 ## - ПРИМЕЧАНИЯ, ОТНОСЯЩИЕСЯ К ПОЛЯМ СВЯЗИ (ПРИМЕЧАНИЯ О СВЯЗИ С ДРУГИМИ ПРОИЗВЕДЕНИЯМИ (ИЗДАНИЯМИ))
Текст примечания Прил. к Циркуляру [№ 7 (363)] по Упр. Кавк. учеб. окр. за 1899 г. № 10
316 ## - ПРИМЕЧАНИЯ ОБ ОСОБЕННОСТЯХ ЭКЗЕМПЛЯРА
Текст примечания Экз. РНБ (6/355): припл. к журн. ... 1899 № 7 (363)
Организация и экземпляр, к которому относится поле NLR: 6/355
422 #0 - ИЗДАНИЕ, К КОТОРОМУ ОТНОСИТСЯ ПРИЛОЖЕНИЕ
Встроенное поле 2001#$aЦиркуляр № 7 (363) по Управлению Кавказским учебным округом$v1899, № 10
Заглавие Циркуляр № 7 (363) по Управлению Кавказским учебным округом
461 #0 - УРОВЕНЬ НАБОРА
Встроенное поле 001v19\rc\1305998
-- 2001#$aОтчет по Саду Елисаветпольского Михайловского ремесленного училища...$v... за 1898 год$90
Системный номер (АБИС) связанной записи 4529844
Автор Елизаветпольское Михайловское ремесленное училище
Место публикации [Тифлис
Дата публикации 1898-1899]
Заглавие Отчет по Саду Елисаветпольского Михайловского ремесленного училища...
Номер тома ... за 1898 год$90
482 #0 - ПРИПЛЕТЕНО К
Встроенное поле 2001#$aЦиркуляр № 7 (363) по Управлению Кавказским учебным округом$v1899, № 7 (363)
Заглавие Циркуляр № 7 (363) по Управлению Кавказским учебным округом
801 #0 - ИСТОЧНИК ЗАПИСИ
Страна Российская Федерация
Организация NLR
Правила каталогизации psbo
801 #1 - ИСТОЧНИК ЗАПИСИ
Страна Российская Федерация
Организация ProSoft-M
Источник данных rusmarc
852 ## - МЕСТОНАХОЖДЕНИЕ И ШИФР ХРАНЕНИЯ
Идентификатор организации NLR
Шифр хранения (Call Number) 6/355
942 ## - ДОПОЛНИТЕЛЬНЫЕ ЭЛЕМЕНТЫ ЗАПИСИ (АБИС)
Тип экземпляра АБИС Книга
980 ## - КОЛЛЕКЦИЯ
Название коллекции Национальная библиография
Экземпляры
Тип экземпляра Дата поступления Библиотека постоянного хранения Библиотека текущего хранения Место хранения Шифр хранения Штрих-код Статус экземпляра
Книга 26.10.2013 РНБ (Московский) РНБ (Московский) Зал русского журнального фонда, издания по 1950 включительно (до 2000 года) 6/355 4463654-10